000 00953nab a2200265 u 4500
001 10816
003 HDC
007 cr bn ---aaaaa
008 210201b20121031my ||||| |||| 00| 0 may d
040 _aHDC
100 _aNoor Fazrina Kamal,
_eauthor
_99749
245 0 _aJadi usahawan Super : Anzac Consultancy berkongsi pengalaman bagi melahirkan usahawan yang berjaya /
_cNoor Fazrina Kamal
260 _aKuala Lumpur :
_bUtusan Melayu (M) Bhd.,
_c2012
300 _a1 online resource
336 _atext
_2rdacontent
337 _acomputer
_2rdamedia
338 _aonline resource
_2rdacarrier
650 _aEntrepreneurships
_910446
650 _aSmall business
_9208
710 _aUtusan Malaysia
_eissung body
856 _zRequest full-text at [email protected]
942 _2lcc
942 _cNEWS
942 _kNWSC 003090
999 _c8139
_d8139